| 000 | 00909nam a2200277 i 4500 | ||
|---|---|---|---|
| 001 | bg | ||
| 100 | 1 | _aBERNACKA, Jadwiga. | |
| 245 | 1 | 0 |
_aUsuwanie związków biogennych ze ścieków miejskich : _bpodstawy teoretyczne, stan badań, zastosowania w kraju / _cJadwiga Bernacka, Jerzy Kurbiel, Leoniłła Pawłowska ; Instytut Ochrony Środowiska. |
| 250 | _a[Dodr.]. | ||
| 260 |
_aWarszawa : _bIOŚ, _c1995. |
||
| 300 |
_a91, [1] s., [1] k.tabl. : _brys. ; _c24 cm. |
||
| 504 | _aBibliogr. s. 89-[92]. | ||
| 650 | 9 |
_aŚcieki _xtechnologia _xmetody |
|
| 650 | 9 |
_aBiotechnologia _xstosowanie |
|
| 650 | 9 |
_aAzot _xzwiązki |
|
| 650 | 9 |
_aFosfór _xzwiązki |
|
| 700 | 1 | _aKURBIEL, Jerzy. | |
| 700 | 1 | _aPAWŁOWSKA, Leoniłła. | |
| 020 | _a8385805192 | ||
| 040 | _cBPK | ||
| 041 | 0 | _apl | |
| 080 | _a628.3:546.1/2 | ||
| 920 | _a83-85805-19-2 | ||
| 942 | _cKS | ||
| 008 | s pl f |000 0 pol | ||
| 999 |
_c30426 _d30426 |
||
| 856 |
_uhttp://koha.tu.koszalin.pl/cgi-bin/koha/opac-detail.pl?biblionumber=30426 _yKatalog online BPK |
||